| 000 | 00877nas a2200289 4500 | ||
|---|---|---|---|
| 001 | BR9804586 | ||
| 003 | BR-BrBNA | ||
| 005 | 20231205101108.0 | ||
| 007 | ta | ||
| 008 | 230509b bl.|||p| |||| 00| 00por d | ||
| 040 |
_aBR-BrBNA _bpor _cBiblioteca Nacional de Agricultura |
||
| 041 | _a(Pt) | ||
| 072 | _aL73 | ||
| 100 | 1 | _aJorge, M.A. | |
| 100 | 1 | _aMartins, N.R.S. | |
| 100 | 1 | _aResende, J.S. | |
| 100 | 1 | _aAbreu, J.A. | |
| 100 | 1 | _aLazarini, M.M. | |
| 245 | 1 | _aVacinacao de galinhas de fundo de quintal contra doenca de Newcastle com vacina veiculada por milho | |
| 650 | _aGalinha | ||
| 650 | _aNewcastle | ||
| 650 | _aVacina | ||
| 650 | _aMilho | ||
| 773 | 0 |
_tArquivo Brasileiro de Medicina Veterinaria e Zootecnia (Brazil) _xISSN 0102-0935 _g(Apr 1998), v. 50(2) p. 123-126 _wBR9804586 |
|
| 909 |
_a202311 _bLúcia _c55 _dLúcia Elande |
||
| 942 |
_2AGRIS _n0 _cANA |
||
| 999 |
_c159695 _d159695 |
||